| 000 | 00833nam a2200277Ia 4500 | ||
|---|---|---|---|
| 003 | OSt | ||
| 005 | 20221006144418.0 | ||
| 006 | a|||||r|||| 00| 0 | ||
| 007 | ta | ||
| 008 | 221006b |||||||| |||| 00| 0 eng d | ||
| 020 |
_a0521235170 _c338.00 |
||
| 024 | _a11,642 | ||
| 037 | _cTextual | ||
| 040 |
_aEASL _cEASL _beng |
||
| 041 |
_2eng _aeng |
||
| 082 | _aV73:19.N7, M1 | ||
| 100 |
_aBRENNER Michael J _9445646 |
||
| 245 | 0 |
_aMuclear power and non proliferation _bThe remaking of U S Policy |
|
| 260 |
_aCambridge _bCambridge University Press _c1981 |
||
| 300 |
_axi,324p. _ccm. |
||
| 490 | _v Oth | ||
| 650 |
_a Atomic Power- Law-Legislation-United States _9651922 |
||
| 650 |
_aNuclear nonproliferation _9651923 |
||
| 942 |
_hV73:19.N7, M1 _cTEXL _2CC |
||
| 999 |
_c1079728 _d1079728 |
||